| 000 | 00920cam a22002891a 4500 | ||
|---|---|---|---|
| 001 | 016143362 | ||
| 003 | OSt | ||
| 005 | 20150408105258.0 | ||
| 008 | 120802t2013 paua f b 001 0 eng|d | ||
| 020 | _a9781455702824 (pbk.) | ||
| 040 |
_aStDuBDS _beng _cStDuBDS _dEG-ScBUE |
||
| 082 | 0 | 0 |
_a615.1 _bBRE _222 |
| 100 | 1 |
_aBrenner, George M. _937598 |
|
| 245 | 1 | 0 |
_aPharmacology / _cGeorge M. Brenner, Craig W. Stevens. |
| 250 | _a4th ed. | ||
| 260 |
_aPhiladelphia : _bElsevier Saunders, _cc.2013. |
||
| 300 |
_aviii, 520 p. : _bill. (col.) ; _c28 cm. |
||
| 500 | _aIndex : p. 480-520. | ||
| 500 | _aStudy smart with student consult. | ||
| 500 | _aWith student consult online access. | ||
| 504 | _aIncludes bibliographical references. | ||
| 650 | 0 |
_aPharmacology. _912590 |
|
| 653 |
_bPPhrm _cMarch2015 _cApril2015 |
||
| 655 |
_vreading book _934232 |
||
| 700 | 1 |
_aStevens, Craig W. _937599 |
|
| 942 |
_2ddc _k615.1 BRE |
||
| 999 |
_c19099 _d19071 |
||